Statistics for Cities - Multiple choice

Click here to take the quiz!

General Stats

  • This quiz has been taken 35 times
    (34 since last reset)
  • The average score is 4 of 15

Answer Stats

QuestionAnswer% Correct
Which city has the tallest building in the world?Dubai
82%
Which city is the capital of Liechtenstein?Vaduz
82%
Which city is also a country?Vatican city
57%
Only one of the following isn't among the oldest cities in the world.Sejong
54%
In which city does the sun not rise for many weeks?Murmansk
46%
Which is the most visited city in the world?Bangkok
36%
Which capital city is sinking?Mexico city
21%
How many cities are there in Europe?800
18%
Which city just people who live the longest?Seulo
14%
Which city is the steepest street located in?Dunedin
11%
Which city has the world's biggest Starbucks?Shanghai
7%
In which city was the first Coca Cola bottled?Vicksburg
7%
Which city is the culinary capital of the world?Tokyo
4%
Which is the largest city in the world?Chongqing
0%
Which is the most populated city in the world?Osaka
0%

Score Distribution

Percentile by Number Answered

Percent of People with Each Score

Your Score History

You have not taken this quiz since the last reset